Estadísticas para Países más Adivinados

Haz click aquí para intentar la prueba.

Estadísticas generales

  • Esta prueba ha sido intentada 50 veces
  • La puntuación promedio es 14 de 16

Estadísticas de respuestas

%Respuesta% Correcto
94China
100%
96Estados Unidos
100%
91Japon
100%
95Espana
98%
95Francia
96%
95Brasil
94%
96Canada
94%
94Italia
94%
94Rusia
94%
96Mexico
91%
96Argentina
89%
91Alemania
87%
91Australia
83%
95Chile
72%
93Colombia
72%
92Peru
72%

Distribución de puntuación

Porcentaje por número respondido

Porcentaje de gente con cada puntuación

Historial de tus puntuaciones

No has intentado esta prueba.